| 000 | 01005nas a2200325 4500 | ||
|---|---|---|---|
| 001 | BR0203944 | ||
| 003 | BR-BrBNA | ||
| 005 | 20231205103152.0 | ||
| 007 | ta | ||
| 008 | 230509b bl.|||p| |||| 00| 00por d | ||
| 040 |
_aBR-BrBNA _bpor _cBiblioteca Nacional de Agricultura |
||
| 041 | _a(Pt) | ||
| 072 | _aT01; T10 | ||
| 100 | 1 | _aChaim, A. | |
| 100 | 1 | _aCastro, V.L.S.S. de | |
| 100 | 1 | _aGalvão, J.A.H. | |
| 245 | 1 | _aMétodo para monitorar a contaminação de aplicadores de pesticidas na cultura de tomate | |
| 650 | _aTOMATE | ||
| 650 | _aCONTAMINAÇÃO | ||
| 650 | _aPESTICIDA | ||
| 650 | _aPERSISTÊNCIA DE PESTICIDA | ||
| 650 | _aANÁLISE QUÍMICA | ||
| 650 | _aESPECTROMETRIA | ||
| 650 | _aAGRICULTOR | ||
| 650 | _aPULVERIZADOR | ||
| 650 | _aMÉTODO DE APLICAÇÃO | ||
| 773 | 0 |
_tPesticidas. Revista de Ecotoxicologia e Meio Ambiente (Brazil) _xISSN 0103-7277 _g(Jan-Dec 2001), v. 11 p. 149-158 _wBR0203944 |
|
| 909 |
_a202311 _bLúcia _c55 _dLúcia Elande |
||
| 942 |
_2AGRIS _n0 _cANA |
||
| 999 |
_c171457 _d171457 |
||